Catálogo

Razones para decidir : (Registro nro. 41909)

Detalles MARC
000 -LEADER
fixed length control field 01614cam a2200373 i 4500
001 - CONTROL NUMBER
control field 41909
003 - CONTROL NUMBER IDENTIFIER
control field Mx-PuUPA
005 - DATE AND TIME OF LATEST TRANSACTION
control field 20250307132858.0
008 - FIXED-LENGTH DATA ELEMENTS--GENERAL INFORMATION
fixed length control field 140415s2018 mx gr 001 e spa d
020 ## - INTERNATIONAL STANDARD BOOK NUMBER
International Standard Book Number 9786075153872
040 ## - CATALOGING SOURCE
Original cataloging agency Mx-PuUPA
Language of cataloging spa
Transcribing agency Mx-PuUPA
Modifying agency Mx-PuUPA
Description conventions rda
041 0# - LANGUAGE CODE
Language code of text/sound track or separate title spa
043 ## - GEOGRAPHIC AREA CODE
Geographic area code n-mx---
110 2# - MAIN ENTRY--CORPORATE NAME
Corporate name or jurisdiction name as entry element Centro de Ética Judicial,
Relator term autor
245 10 - TITLE STATEMENT
Title Razones para decidir :
Remainder of title ensayos como referente en la labor jurisdiccional /
Statement of responsibility, etc. Centro de Ética Judicial ; Federica Dalla Pria, María del Carmen Monforte Larrañaga, María Emilia Montejano Hilton, María José Núñez Glennie, redactores ; Javier Saldaña Serrano, colaborador
250 ## - EDITION STATEMENT
Edition statement Primera edición
264 #1 - PRODUCTION, PUBLICATION, DISTRIBUTION, MANUFACTURE, AND COPYRIGHT NOTICE
Place of production, publication, distribution, manufacture Ciudad de México :
Name of producer, publisher, distributor, manufacturer Librería de Porrúa Hermanos y Compañía,
Date of production, publication, distribution, manufacture, or copyright notice 2018
300 ## - PHYSICAL DESCRIPTION
Extent x, 168 páginas ;
Dimensions 23 cm
336 ## - CONTENT TYPE
Fuente rdacontent
Content type term texto
Content type code txt
337 ## - MEDIA TYPE
Source rdamedia
Media type term sin medio
Media type code n
338 ## - CARRIER TYPE
Source rdacarrier
Carrier type term volumen
Carrier type code nc
650 #7 - SUBJECT ADDED ENTRY--TOPICAL TERM
Topical term or geographic name entry element Jurisprudencia
Source of heading or term armarc
9 (RLIN) 13986
General subdivision Ensayos
Geographic subdivision México
650 #7 - SUBJECT ADDED ENTRY--TOPICAL TERM
Topical term or geographic name entry element Derecho y sociedad
Source of heading or term armarc
Geographic subdivision México
700 1# - ADDED ENTRY--PERSONAL NAME
Personal name Dalla Pria, Federica,
Relator term redactor
9 (RLIN) 16719
700 1# - ADDED ENTRY--PERSONAL NAME
Personal name Monforte Larrañaga, María del Carmen,
Relator term redactor
700 1# - ADDED ENTRY--PERSONAL NAME
Personal name Montejano Hilton, María Emilia,
Relator term redactor
700 1# - ADDED ENTRY--PERSONAL NAME
Personal name Núñez Glennie, María José
Relator term redactor
700 1# - ADDED ENTRY--PERSONAL NAME
Personal name Saldañana Serrano, Javier,
Relator term colaborador
Name of part/section of a work Ética Judicial. Reflexiones sobre el contenido de una materia
942 ## - ADDED ENTRY ELEMENTS (KOHA)
Source of classification or shelving scheme Dewey Decimal Classification
Koha item type Libro
Classification part 348.721
Existencias
Withdrawn status Lost status Source of classification or shelving scheme Damaged status Not for loan Collection code Home library Current library Shelving location Date acquired Source of acquisition Cost, normal purchase price Total Checkouts Full call number Barcode Date last seen Cost, replacement price Price effective from Koha item type
    Dewey Decimal Classification     General Biblioteca Karol Wojtyla Biblioteca Karol Wojtyla Sala general 03/12/2013 Donación 0.00   348.721 R278 2018 63207 05/01/2026 0.00 03/12/2013 Libro